El agua en el mundo árabe (Record no. 186599)

MARC details
000 -LEADER
campo de control de longitud fija 00990nam a2200277 i 4500
001 - NÚMERO DE CONTROL
campo de control 186599
003 - IDENTIFICADOR DE NÚMERO DE CONTROL
campo de control SpMaBN
005 - FECHA Y HORA DE LA ÚLTIMA TRANSACCIÓN
campo de control 20230906222713.0
008 - DATOS DE LONGITUD FIJA--INFORMACIÓN GENERAL
campo de control de longitud fija 161205s2011 sp abd |||| |dspa d
020 ## - NÚMERO INTERNACIONAL ESTÁNDAR DEL LIBRO
Número Internacional Estándar del Libro 978-84-615-4136-2
080 ## - NÚMERO DE LA CLASIFICACIÓN DECIMAL UNIVERSAL
Número de la Clasificación Decimal Universal 330.15(5/6=411.21):556
080 ## - NÚMERO DE LA CLASIFICACIÓN DECIMAL UNIVERSAL
Número de la Clasificación Decimal Universal 351.79(5/6=411.21):628.1
245 03 - MENCIÓN DEL TÍTULO
Título El agua en el mundo árabe
Resto del título : percepciones globales y realidades locales /
Mención de responsabilidad, etc. Habib Ayeb (dir.).
250 ## - MENCION DE EDICION
Mención de edición 1ª ed.
260 ## - PUBLICACIÓN, DISTRIBUCIÓN, ETC.
Lugar de publicación, distribución, etc. Madrid :
Nombre del editor, distribuidor, etc. Casa Árabe-IEAM,
Fecha de publicación, distribución, etc. 2011.
300 ## - DESCRIPCIÓN FÍSICA
Extensión 289 p. :
Otras características físicas il., gráf., mapas ;
Dimensiones 22 cm.
490 1# - MENCIÓN DE SERIE
Mención de serie Biblioteca de Casa Árabe
504 ## - NOTA DE BIBLIOGRAFÍA, ETC.
Nota de bibliografía, etc. Referencias bibliográficas.
650 #7 - PUNTO DE ACCESO ADICIONAL DE MATERIA--TÉRMINO DE MATERIA
Término de materia o nombre geográfico como elemento de entrada Recursos hidráulicos-
Subdivisión geográfica Países árabes.
9 (RLIN) 161398
650 #7 - PUNTO DE ACCESO ADICIONAL DE MATERIA--TÉRMINO DE MATERIA
Término de materia o nombre geográfico como elemento de entrada Gestión del agua.
9 (RLIN) 142076
700 1# - ENTRADA AGREGADA--NOMBRE PERSONAL
Nombre de persona Ayeb, Habib.
9 (RLIN) 161399
710 2# - ENTRADA AGREGADA--NOMBRE DE ENTIDAD CORPORATIVA
Nombre de entidad corporativa o nombre de jurisdicción como elemento de entrada Casa Árabe e Instituto Internacional de Estudios Árabes y del Mundo Musulmán.
9 (RLIN) 148163
830 0# - PUNTO DE ACCESO ADICIONAL DE SERIE-TÍTULO UNIFORME
Título uniforme Biblioteca de Casa Árabe
9 (RLIN) 191400
852 ## - LOCALIZACIÓN
Ubicación ES-MaACL
Número de control de estantería L-30983
Holdings
Estatus retirado Estado de pérdida Estado de daño No para préstamo Biblioteca de origen Biblioteca actual Ubicación en estantería Fecha de adquisición Fuente de adquisición Total de préstamos Signatura topográfica completa Código de barras Visto por última vez Precio de reemplazo Tipo de ítem Koha
        Biblioteca del Ateneo de Madrid Biblioteca del Ateneo de Madrid Depósito 2 05/12/2016     L-30983 1196778 23/02/2023 23/02/2023 Libro impreso